[Junta Provincial del Cens electoral] : renovación total del Censo electoral, ordenada por Decreto de 26 de enero de 1932 : resumen : provincia de Gerona / Dirección General del Instituto Geográfico, Catastral y de Estadística renovación total del Censo electoral, ordenada por Decreto de 26 de enero de 1932 :
Descripción Física:
3 v. : taules ; 30 cm
Materias:
Girona (Província) -- Censos
MARC
| LEADER | 00000nam a2200000Ia 4500 | ||
|---|---|---|---|
| 001 | 21856, 21857, 21858 | ||
| 003 | BGR | ||
| 005 | 20260324180107.0 | ||
| 008 | 160829s1932 xx 000 0 cat d | ||
| 080 | |a FOL-3-63, FOL-3-64, FOL-3-65 | ||
| 110 | 1 | |a Instituto Geográfico, Catastral y de Estadística (Espanya) |9 71156 | |
| 245 | |a [Junta Provincial del Cens electoral] : |b renovación total del Censo electoral, ordenada por Decreto de 26 de enero de 1932 : |b resumen : |b provincia de Gerona / Dirección General del Instituto Geográfico, Catastral y de Estadística | ||
| 260 | |a Girona : |b el Instituto, |c 1932 | ||
| 300 | |a 3 v. : |b taules ; |c 30 cm | ||
| 590 | |a Al llom: v. 1: Agullana - Freixanet; v. 2: Garrigàs - Ridaura; v. 3: Riells - Vulpellach. | ||
| 590 | |a Prové dels lligalls 3704, 3705, 3706 | ||
| 650 | |a Girona (Província) |x Censos |9 46120 | ||
| 901 | |a Arxiu | ||
| 942 | |n 1 |2 udc |c MON | ||
| 952 | |0 0 |1 0 |4 0 |6 FOL363_FOL364_FOL365 |7 1 |9 53009 |a Arxiu |b Arxiu |d 2016-12-01 |l 0 |o FOL-3-63, FOL-3-64, FOL-3-65 |p 21856, 21857, 21858 |r 2016-12-01 00:00:00 |w 2016-12-01 |y ARXIU | ||
| 999 | |c 56858 |d 56858 | ||